000 00378nam a2200169Ia 4500
100 _aTheraja/B.L & A.K.
650 _aElectrical Engineering
250 _a2
942 _cBK
654 _aelectrical
245 _aText book of Electrical technology
260 _bS. Chand & co.
_aNONE
_c1989
082 _a621.3
_bTHE
300 _a1144
546 _aENGLISH
999 _c26704
_d26704